[Event "Mechanics' Fall TNM; 30/90, SD/30"]
[Site "San Francisco"]
[Date "2011.11.29"]
[Round "7.17"]
[White "Woebcke, Carl"]
[Black "Bertot, German"]
[Result "1-0"]
[WhiteElo "1832"]
[BlackElo "1629"]
[PlyCount "49"]
[EventDate "2011.??.??"]

1. e4 e5 2. f4 exf4 3. Nf3 d6 4. Bc4 h6 5. h4 Nc6 6. d4 Be7 7. Bxf4 Bg4 8. Bg3
Nf6 9. Nc3 Nxe4 10. Bxf7+ Kxf7 11. Nxe4 Re8 12. Qd3 Bf6 13. O-O Bxf3 14. Rxf3
Kg8 15. Nxf6+ gxf6 16. Qg6+ Kh8 17. Qxh6+ Kg8 18. Rxf6 Re7 19. Rg6+ Kf7 20.
Rf1+ Ke8 21. Rf8+ Kd7 22. Rxd8+ Rxd8 23. Rg7 Nxd4 24. Rxe7+ Kxe7 25. Qg7+ 1-0

[Event "Mechanics' Fall TNM; 30/90, SD/30"]
[Site "San Francisco"]
[Date "2011.10.25"]
[Round "2.15"]
[White "Woebcke, Carl"]
[Black "Frank, Robert"]
[Result "1-0"]
[WhiteElo "1832"]
[BlackElo "1375"]
[PlyCount "25"]
[EventDate "2011.??.??"]

1. e4 e5 2. f4 exf4 3. Nf3 d5 4. exd5 Qxd5 5. Nc3 Qh5 6. Bc4 Bg4 7. O-O Nd7 8.
Qe1+ Be7 9. d4 O-O-O 10. Bxf4 Qg6 11. Nb5 Qb6 12. Bxc7 Qc6 13. Nxa7+ 1-0

[Event "Mechanics' Fall TNM; 30/90, SD/30"]
[Site "San Francisco"]
[Date "2011.11.08"]
[Round "4.15"]
[White "Woebcke, Carl"]
[Black "Marshall, Johnathan"]
[Result "1-0"]
[WhiteElo "1832"]
[BlackElo "1589"]
[PlyCount "97"]
[EventDate "2011.??.??"]

1. e4 e6 2. d4 d5 3. Nd2 Nf6 4. e5 Nfd7 5. Bd3 c5 6. c3 Nc6 7. Ne2 cxd4 8. cxd4
f6 9. exf6 Nxf6 10. Nf3 Bd6 11. O-O Qc7 12. g3 Nh5 13. Ng5 g6 14. Bd2 Qg7 15.
Qc2 O-O 16. Bc3 e5 17. dxe5 Bxe5 18. Qb3 Kh8 19. Qxd5 Bxc3 20. Nxc3 Nb4 21. Qd6
Nxd3 22. Qxd3 Bf5 23. Qb5 h6 24. Nge4 a6 25. Qb6 Bh3 26. Rfd1 Qf7 27. Rd3 Rae8
28. Qd4+ Qg7 29. Rad1 Qxd4 30. Rxd4 Kg7 31. Nd6 Rd8 32. Nf5+ Bxf5 33. Rxd8 Rf7
34. Re1 Nf6 35. f3 Nd7 36. Nd5 g5 37. Re7 Nc5 38. g4 Be6 39. Rxf7+ Kxf7 40. b4
Nd3 41. a3 Ne5 42. Kf2 Nc4 43. a4 Nb2 44. Nb6 Nc4 45. Nxc4 Bxc4 46. Rd7+ Kg6
47. Rxb7 Bd3 48. Rb6+ Kg7 49. Ke3 1-0

[Event "Mechanics' Fall TNM; 30/90, SD/30"]
[Site "San Francisco"]
[Date "2011.11.08"]
[Round "4.5"]
[White "Wong, Russell"]
[Black "Chamberlain, Ethan"]
[Result "1/2-1/2"]
[WhiteElo "2200"]
[BlackElo "1930"]
[PlyCount "101"]
[EventDate "2011.??.??"]

1. e4 c5 2. Nf3 g6 3. c3 d5 4. e5 Nc6 5. d4 Bg4 6. Be2 cxd4 7. cxd4 Nh6 8. Nc3
Nf5 9. Ng5 Bxe2 10. Nxe2 Qb6 11. Nf3 Bg7 12. O-O O-O 13. b3 Rac8 14. Bb2 e6 15.
Ng3 Nce7 16. Ba3 Rfe8 17. Bxe7 Nxe7 18. Qd2 Rc7 19. Rac1 Rec8 20. h4 h5 21.
Rfd1 Rxc1 22. Rxc1 Rxc1+ 23. Qxc1 Nc6 24. Ne2 Kh7 25. Ng5+ Kg8 26. Qf4 Qc7 27.
g4 Qe7 28. gxh5 Bh6 29. hxg6 fxg6 30. Qg4 Bxg5 31. hxg5 Qf7 32. Kf1 Kf8 33. Qh3
Kg8 34. a3 Ne7 35. Kg2 Nf5 36. Qg4 Kg7 37. Ng3 Ne7 38. b4 b5 39. Qf3 Nf5 40.
Nxf5+ Qxf5 41. Qe3 Qg4+ 42. Kh2 Qh5+ 43. Kg3 Qd1 44. f3 Qc2 45. Qf4 Qf5 46. Qc1
a6 47. Qc7+ Kg8 48. Qd8+ Qf8 49. Qf6 Qf7 50. Kf2 Kf8 51. Ke3 1/2-1/2

[Event "Mechanics' Fall TNM; 30/90, SD/30"]
[Site "San Francisco"]
[Date "2011.11.01"]
[Round "3.6"]
[White "Wong, Russell"]
[Black "Klinetobe, David"]
[Result "1/2-1/2"]
[WhiteElo "2200"]
[BlackElo "2011"]
[Annotator "Donaldson"]
[PlyCount "57"]
[EventDate "2011.??.??"]

1. e4 e6 2. d4 d5 3. Nd2 Nf6 4. e5 Nfd7 5. Bd3 c5 6. c3 Nc6 7. Ne2 cxd4 8. cxd4
f6 9. Nf4 fxe5 10. Nxe6 Qb6 11. Qh5+ Ke7 12. Ng5 Nxd4 13. Qf7+ Kd8 14. Qxd5 Qc5
15. Nf7+ Ke7 16. Bc4 Qxd5 17. Bxd5 Nb6 18. Nxh8 Nxd5 19. O-O g6 20. Nc4 Ne2+
21. Kh1 Nxc1 22. Raxc1 Bg7 23. Rfe1 Bxh8 24. Nxe5 Be6 25. Rc2 Kd6 26. Nc4+ Kd7
27. Ne5+ Kd6 (27... Bxe5 28. Rxe5 Kd6 {
should leave Black with somewhat the better of it.}) 28. Nc4+ Kd7 29. Ne5+
1/2-1/2

[Event "Mechanics' Fall TNM; 30/90, SD/30"]
[Site "San Francisco"]
[Date "2011.11.29"]
[Round "7.7"]
[White "Wong, Russell"]
[Black "Manvelyan, Hovik"]
[Result "1-0"]
[WhiteElo "2200"]
[BlackElo "2056"]
[PlyCount "77"]
[EventDate "2011.??.??"]

1. d4 Nf6 2. c4 d6 3. Nc3 Nbd7 4. Nf3 e5 5. e4 Be7 6. d5 a5 7. Bd3 Nc5 8. Bc2
Bg4 9. h3 Bh5 10. Be3 Nfd7 11. a3 O-O 12. g4 Bg6 13. h4 h5 14. g5 f5 15. gxf6
gxf6 16. Qe2 Kh7 17. O-O-O Qe8 18. Rdg1 Rg8 19. Nd2 Bf8 20. Nf1 Bh6 21. Bxh6
Kxh6 22. Ng3 Qf7 23. Nd1 a4 24. Ne3 Kh7 25. Rg2 Rg7 26. Rhg1 Rag8 27. Kb1 Nb3
28. Bxb3 axb3 29. Qf3 Nb6 30. Qd1 Na4 31. Qc1 Nc5 32. Nef5 Bxf5 33. Nxf5 Rg6
34. Nh6 Rxg2 35. Rxg2 Rxg2 36. Nxf7 Nd3 37. Qd1 Kg7 38. Nd8 Nc5 39. Ne6+ 1-0

[Event "Mechanics' Fall TNM; 30/90, SD/30"]
[Site "San Francisco"]
[Date "2011.12.06"]
[Round "8.4"]
[White "Wong, Russell"]
[Black "Todortsev, Victor"]
[Result "1-0"]
[WhiteElo "2200"]
[BlackElo "1938"]
[PlyCount "61"]
[EventDate "2011.??.??"]

1. e4 e5 2. Nf3 Nc6 3. Bb5 a6 4. Ba4 Nf6 5. O-O b5 6. Bb3 Bc5 7. c3 d6 8. d4
Bb6 9. dxe5 dxe5 10. Qxd8+ Nxd8 11. Nxe5 O-O 12. Bg5 Re8 13. Bxf6 gxf6 14. Nf3
Rxe4 15. Bd5 Bb7 16. Bxe4 Bxe4 17. Nbd2 Bd3 18. Rfe1 Ne6 19. g3 Kg7 20. Rad1 c5
21. Nf1 c4 22. Ne3 Rd8 23. Nh4 Ng5 24. Kg2 a5 25. f3 b4 26. Nhf5+ Kf8 27. Ne7
Bc5 28. N7d5 Rd6 29. Nf4 a4 30. Nxd3 cxd3 31. Nc4 1-0

[Event "Mechanics' Fall TNM; 30/90, SD/30"]
[Site "San Francisco"]
[Date "2011.11.15"]
[Round "5.15"]
[White "de Lenea, Digne"]
[Black "Campers, Willie"]
[Result "1-0"]
[WhiteElo "1900"]
[BlackElo "1748"]
[PlyCount "85"]
[EventDate "2011.??.??"]

1. d4 d5 2. c4 c6 3. Nc3 Nf6 4. e3 a6 5. Nf3 Bg4 6. Bd3 Nbd7 7. h3 Bh5 8. cxd5
cxd5 9. O-O e6 10. Bd2 Bd6 11. e4 dxe4 12. Nxe4 Nxe4 13. Bxe4 Rb8 14. Rc1 Bg6
15. Bg5 Qa5 16. Qc2 Bxe4 17. Qc8+ Qd8 18. Bxd8 Rxc8 19. Rxc8 O-O 20. Rfc1 Bc6
21. Ne5 Nxe5 22. dxe5 Bxe5 23. b3 Bf6 24. R8xc6 bxc6 25. Bxf6 gxf6 26. Rxc6 Ra8
27. Kf1 Kg7 28. Ke2 Ra7 29. Kd3 f5 30. b4 Kf6 31. f4 Rd7+ 32. Kc4 Rd2 33. Rxa6
Rxg2 34. b5 Ke7 35. a4 Rf2 36. a5 Rxf4+ 37. Kc5 Rf1 38. Rc6 f4 39. a6 f3 40.
Kb6 e5 (40... f2 41. Rc2) 41. a7 Ra1 42. Rc1 Ra3 43. Kb7 1-0

[Event "Mechanics' Fall TNM; 30/90, SD/30"]
[Site "San Francisco"]
[Date "2011.11.01"]
[Round "3.14"]
[White "de Lenea, Digne"]
[Black "Poling, Scott"]
[Result "1-0"]
[WhiteElo "1900"]
[BlackElo "1632"]
[PlyCount "39"]
[EventDate "2011.??.??"]

1. d4 e6 2. c4 Nf6 3. Nc3 Bb4 4. Qc2 Nc6 5. Nf3 d5 6. Bg5 h6 7. Bh4 g5 8. Bg3
Ne4 9. e3 Bxc3+ 10. bxc3 Nxg3 11. hxg3 g4 12. Nd2 Qf6 13. Be2 h5 14. e4 dxe4
15. Nxe4 Qe7 16. Qa4 Bd7 17. Nc5 O-O-O 18. Rb1 Nxd4 19. Qxa7 Nc2+ 20. Kf1 1-0

[Event "Mechanics' Fall TNM; 30/90, SD/30"]
[Site "San Francisco"]
[Date "2011.10.18"]
[Round "1.19"]
[White "de Lenea, Digne"]
[Black "Morgan, Jerry"]
[Result "1-0"]
[WhiteElo "1900"]
[BlackElo "1442"]
[PlyCount "121"]
[EventDate "2011.??.??"]

1. d4 d5 2. c4 c6 3. Nc3 dxc4 4. a4 Bf5 5. e4 Bg6 6. Bxc4 e6 7. Nge2 Nf6 8. f3
Bb4 9. O-O O-O 10. Be3 Nbd7 11. Qb3 a5 12. Rfd1 Nb6 13. Bd3 Nbd7 14. Rac1 Qc7
15. Nf4 Bh5 16. e5 Bxf3 17. gxf3 Bxc3 18. Rxc3 Nd5 19. Nxd5 exd5 20. Kf2 f5 21.
Bf4 Nf6 22. Bxf5 Nh5 23. Be6+ Kh8 24. Bg5 Nf6 25. Rg1 Ne4+ 26. Ke2 Nxc3+ 27.
Qxc3 Qb6 28. Be3 Rae8 29. Bh3 Qa6+ 30. Qd3 Qxd3+ 31. Kxd3 Rxf3 32. Bg4 Rff8 33.
e6 h6 34. h4 Rf6 35. Ke2 Kg8 36. Bd2 Ra8 37. Be1 b5 38. axb5 cxb5 39. Bg3 Ra6
40. Be5 Rg6 41. h5 Rg5 42. Rg3 a4 43. Bf4 Rxg4 44. Rxg4 Rxe6+ 45. Kd3 b4 46.
Be5 Re7 47. Rg6 Ra7 48. Rb6 a3 49. bxa3 bxa3 50. Rb1 a2 51. Ra1 Kf7 52. Kc2 g5
53. hxg6+ Kxg6 54. Kb2 h5 55. Rxa2 Rxa2+ 56. Kxa2 Kf5 57. Kb3 Ke4 58. Kb4 h4
59. Kc5 h3 60. Bh2 Kf3 61. Kxd5 1-0

[Event "Mechanics' Fall TNM; 30/90, SD/30"]
[Site "San Francisco"]
[Date "2011.12.06"]
[Round "8.12"]
[White "de Lenea, Digne"]
[Black "Standen, Julian"]
[Result "1-0"]
[WhiteElo "1900"]
[BlackElo "1686"]
[PlyCount "55"]
[EventDate "2011.??.??"]

1. d4 d5 2. c4 c6 3. Nc3 Nf6 4. Nf3 a6 5. cxd5 cxd5 6. Bf4 e6 7. e3 Nc6 8. Be2
Bd6 9. Bxd6 Qxd6 10. O-O O-O 11. Rc1 b5 12. a3 Bb7 13. b4 Rac8 14. Qb3 Rc7 15.
Rfd1 Rfc8 16. Bd3 e5 17. Bf5 Rd8 18. dxe5 Nxe5 19. Nd4 Bc8 20. a4 bxa4 21. Nxa4
g6 22. Bb1 Be6 23. Nc5 Ne4 24. Ndxe6 fxe6 25. Bxe4 a5 26. f4 Nf7 27. Bf3 axb4
28. Nd3 1-0